Hegedűs Andrea sikere 800 méteren Szlovákia fedett pályás atlétikai bajnoka

Bibliographic Details
Main Author: Zolczer, László, 1949- (Author)
Format: Article
Language:Hungarian
Subjects:

MARC

LEADER 00000nab a2200000 a 4500
001 vtls000792872
003 SK-MaSNL
005 20260319075003.0
008 160405c2002 xo 0 hun
015 |a SNBRB2002/04-14582 
035 |a CLN000144527 
040 |a SNKBUCL  |b slo  |c SNKBUCL  |e AACR2 
041 0 |a hun 
044 |a xo  |c SK 
080 |a 796.422.077  |2 1997 
100 1 |a Zolczer, László,  |d 1949-  |4 aut  |9 840441 
245 1 0 |a Hegedűs Andrea sikere  |b 800 méteren Szlovákia fedett pályás atlétikai bajnoka  |c Zolczer László 
300 |b Fotogr. 
600 1 7 |a Hegedűs, Andrea  |2 snkbucl  |9 851275 
651 7 |a 201  |2 snkbucl  |9 294639 
655 7 |a články z novín a časopisov  |2 snkbucl  |9 267496 
773 0 |x 1335-6631  |t Szabad újság  |g Roč. 10, č. 13 (2002), s. 15 
850 |a Slovenská národná knižnica v Martine 
852 |a SNK  |b KIS3GCP 
958 |a HU 
958 |a SK 
958 |a RBX 
999 |c 1368621  |d 1370551